00474 a2200133 4500001001000000005001700010008004100027245010300068100002100171700002000192700002900212700001500241773008400256ART_3436920260410162004.0260409a 10aFar from champions, close to midgets international production sharing in central and south America1 aCalfat, Germán1 aCassimon, Danny1 aFlôres, Renato G., Jr.1 aRivas, Ana0 tRevista de economía y estadísticag- Vol. XLIX, Nº 1 (jun. 2011)wREV34359